000
00294nam a22001337a 4500
020
_a
817826182-0
082
_a
823
_b
SCO/I
100
_a
SIR WALTER SCOTT
245
_a
IVANHOE
260
_a
DELHI
_b
ROHAN BOOK COMPANY
_c
2003
300
_a
224
650
_a
MODERN ILLUSTRATED CLASSICS
942
_c
BK
999
_c
375
_d
375